| 000 | 03121nam0a2200349 4500 | ||
|---|---|---|---|
| 001 | RU\NLR\BIBL_A\011453380 | ||
| 005 | 20241102015720.0 | ||
| 010 |
_a9785923909111 _9100 |
||
| 021 |
_aRU _b2017-52361 _93745 |
||
| 035 | _a(RuMoRGB)008938919 | ||
| 035 | _a(NLR Aleph) 011453380 | ||
| 090 |
_a11765151 _c11765151 |
||
| 100 | _a20170811d2016 k y0rusy50 ca | ||
| 101 | 0 | _arus | |
| 102 | _aRU | ||
| 105 | _aa j 000zy | ||
| 200 | 1 |
_aЭнергетическое использование древесной биомассы _eтермохимические методы _eучебное пособие для студентов высших учебных заведений, обучающихся по направлениям академического и прикладного бакалавриата и магистратуры "Технология лесозаготовительных и деревообрабатывающих производств", "Химическая технология", "Энерго- и ресурсосберегающие процессы в химической технологии, нефтехимии и биотехнологии" _fА. В. де Векки, доктор химических наук, профессор, заслуженный деятель науки РФ, В. И. Рощин, доктор химических наук, профессор _gМинистерство образования и науки РФ, Федеральное государственное бюджетное образовательное учреждение высшего образования "Санкт-Петербургский государственный лесотехнический университет имени С. М. Кирова", Кафедра технологии лесохимических продуктов, химии древесины и физической химии |
|
| 210 |
_aСанкт-Петербург _cСанкт-Петербургский государственный лесотехнический университет, Издательско-полиграфический отдел СПбГЛТУ _d2016 |
||
| 215 |
_a108 с. _cил. _d21 |
||
| 320 | _aБиблиогр.: с. 107-108 | ||
| 606 |
_aДревесина _jУчебные издания для высших учебных заведений _xГазификация _91003154 _3RU\NLR\AUTH\66380707 |
||
| 606 | 1 |
_aДревесина _jУчебные издания для высших учебных заведений _xПиролиз _91005189 _3RU\NLR\AUTH\66381828 |
|
| 606 |
_aБиомасса как топливо _jУчебные издания для высших учебных заведений _91142012 _3RU\NLR\AUTH\66136223 |
||
| 686 |
_aЗ352.704я73-1 _2rubbk |
||
| 686 | 1 | _aЛ762я73-1 | |
| 686 | 1 | _aЗ358я73-1 | |
| 700 | 1 |
_aДе Векки _bА. В. _gАндрей Васильевич |
|
| 701 | 1 |
_aРощин _bВ. И. _gВиктор Иванович |
|
| 942 | _cBOOK | ||
| 980 | _aNBR | ||